000
00289nam a22001217a 4500
003
SGT
082
_a
004.6,COM
100
_a
COMER E. DOUGLAS
245
_a
COMPUTER NETWORKS AND INTERNET WITH INTERNET APPLICATIONS
250
_a
4TH
260
_a
NEW DELHI
_b
PEARSON
_c
2011
942
_2
ddc
_c
CD
999
_c
10770
_d
10770